000 00471cam a22001457a 4500
008 180718b2015 xxu||||| |||| 00| 0 eng d
020 _a9788184844948
082 _aT254 C452
100 _aChojar, Anil Kumar
245 _aOperations management : concepts , analysis and applications
_cby Anil Kumar Chojar
260 _aNew Delhi
_bRegal Publications
_c2015
300 _a380p.
650 _aBUSINESS & ECONOMICS -- Operations Research
650 _aProduction management
999 _c445641
_d445641